000 01326nam a2200289 4500
001 0000023053
003 CO-CtgCURN
005 20250329191024.0
007 ta
008 160627s2006 000 0 eng d
020 _a958710112X
040 _aCO-CtgCURN
_bspa
_ccoctgcurn
082 0 _a346.077
_bP436m
100 1 _aPereira Pereira, Rudy.
245 1 0 _aManual de derecho concursal :
_bde los concordatos y los acuerdos de reestructuracion /
_cRudy Pereira Pereira.
260 _aBogotá :
_bUniversidad Externado de Colombia,
_c2006.
300 _a548 p.
336 _2rdacontent
337 _2rdamedia
_asin mediacion
_bn
338 _2rdacarrier
_avolumen
_bnc
504 _aBibliografia (p. 545-548)
505 8 _aCompetencia y tramite.--Presupuestos de los concordatos.--Apertura del concordato.--Contenido de la providencia de apertura.--Administracion de la empresa.--Efectos de la apertura del concordato.--organos de los concordatos.--Presentacion de creditos.--Reglas generales de las audiencias.--Verificacion de creditos.--Calificacion y graduacion de creditos.--Formacion y ejecucion del acuerdo concordatario
630 0 0 _aLey 222 de 1995 (Diciembre 20)
908 _a160627
942 _cBK
_h346.077
_iP436m
_2ddc
999 _c11416
_d11416